|
|
|
|
| LEADER |
00984cam a2200217 7i4500 |
| 001 |
0000002806 |
| 005 |
20140708090000.0 |
| 035 |
0 |
0 |
|a 0030-37360
|
| 090 |
0 |
0 |
|a HD 4300.6
|b P466 1981
|
| 110 |
2 |
0 |
|a Persidangan Kebangsaan Pembangunan Perusahaan-Perusahaan Berasaskan Sumber
|
| 245 |
0 |
0 |
|a (Kertas kerja Persidangan Kebangsaan Pembangunan Perusahaan-Perusahaan Berasaskan Sumber.
|
| 260 |
0 |
0 |
|a Serdang:
|b Fakulti Ekonomi Sumber dan Perniagaantani, UPM,
|c 1981..
|
| 300 |
# |
# |
|a 1v. (various pagings);
|c 30cm..
|
| 500 |
0 |
0 |
|a Made-up volume of papers presented at the conference
|
| 590 |
# |
# |
|a Pusat Pengajian Pembangunan Sosial dan Ekonomi
|
| 650 |
0 |
0 |
|a Industry and stat --
|x Congresses. --
|z Malaysi
|
| 651 |
0 |
0 |
|a Malaysi --
|x Economic condition --
|x Congresses.
|
| 710 |
2 |
1 |
|a National Conference on the Development of Resource-Based Industries
|
| 710 |
2 |
1 |
|a Persatuan Ekonomi Pertanian Malaysia.
|
| 710 |
2 |
1 |
|a Universiti Pertanian Malaysia
|
| 999 |
|
|
|a 1000391397
|b Book
|c Open Shelf
|e KOLEKSI TERBUKA
|